[Event "AUTO-ELITE-2566"]
[Site "http://www.queenalice.com/game.php?id=1850205"]
[Date "2025.1.11"]
[Round "1"]
[White "Sexxy_Bunny"]
[Black "RaulSoft"]
[Result "1/2-1/2"]
[WhiteElo "2619"]
[BlackElo "2660"]

1. e4 e5 2. Nf3 Nc6 3. Bb5 Nf6 4. O-O Nxe4 5. d4 Nd6 6. Bxc6 dxc6 7. dxe5 Nf5 8.
Qxd8+ Kxd8 9. Nc3 Bd7 10. h3 h6 11. b3 Kc8 12. Bb2 b6 13. Rad1 c5 14. Nd5 a5 15.
a4 Ne7 16. c4 Nxd5 17. cxd5 Bf5 18. Rd2 Be7 19. Nh2 h5 20. f4 Kb7 21. Rfd1 Rad8
22. Nf1 h4 23. Ne3 Be4 24. Bc3 Rh6 25. Re2 f5 26. Kf1 Kb8 27. Kg1 Rg6 28. Be1
Rh6 29. Bc3 Rg6 30. Kf2 Rg3 31. Kg1 Bf3 32. Kf1 Bxe2+ 33. Kxe2 Rf8 34. Be1 Rg6
35. e6 Kc8 36. Kf3 Rh6 37. Bc3 Rg6 38. Be1 Rh6 39. Bc3 Rg6 40. Be1 1/2-1/2

[Event "AUTO-ELITE-2566"]
[Site "http://www.queenalice.com/game.php?id=1850206"]
[Date "2025.1.11"]
[Round "1"]
[White "RaulSoft"]
[Black "Diego_Silveira"]
[Result "1-0"]
[WhiteElo "2656"]
[BlackElo "2195"]

1. d4 d5 2. c4 c6 3. cxd5 cxd5 4. Bf4 Nf6 5. e3 a6 6. Bd3 Nc6 7. Nf3 Bg4 8. Nbd2
e6 9. O-O Bd6 10. Bxd6 Qxd6 11. Rc1 O-O 12. Qb3 Rab8 13. Rc3 Rfc8 14. Ne5 Bh5
15. Rfc1 Bg6 16. Bxa6 bxa6 17. Rxc6 Rxc6 18. Rxc6 Rxb3 19. Rxd6 Rb8 20. Rxa6 h6
21. b3 Ne4 22. Nxe4 Bxe4 23. f3 Bb1 24. Nc6 Rb7 25. b4 Bd3 26. Ra8+ Kh7 27. a4
Kg6 28. Ne5+ 1-0

[Event "AUTO-ELITE-2567"]
[Site "http://www.queenalice.com/game.php?id=1850616"]
[Date "2025.1.20"]
[Round "1"]
[White "josekasparov"]
[Black "RaulSoft"]
[Result "1-0"]
[WhiteElo "2518"]
[BlackElo "2582"]

1. e4 e5 2. Bc4 Nf6 3. d3 c6 4. Nf3 d5 5. Bb3 Bd6 6. Nc3 d4 7. Ne2 c5 8. Ng3 Nc6
9. a4 Bc7 10. Ng5 O-O 11. Nh5 Ba5+ 12. Kf1 h6 13. h4 Ne8 14. g4 Nd6 15. Nh3 c4
16. Bxc4 Nxc4 17. dxc4 Be6 18. Kg2 Qc8 19. f3 Bxc4 20. g5 Qe6 21. b3 Ba6 22.
gxh6 gxh6 23. Ng3 Bc3 24. Nf5 Bxa1 25. Kh2 Ne7 26. Qg1+ Ng6 27. h5 Rac8 28. c4
dxc3 29. Nxh6+ Kh8 30. hxg6 Qxg6 31. Nf5 Qxg1+ 32. Kxg1 Rfe8 33. Ng5+ Kg8 34.
Rh7 Rc7 35. Rg7+ Kh8 36. Ba3 f6 37. Rxc7 fxg5 38. Bb4 Be2 39. Kf2 Bd1 40. Bxc3
Bxc3 41. Rxc3 g4 42. fxg4 Bxg4 43. Rc7 Bd1 44. Rxb7 Bc2 45. Nd6 Re6 46. Nc4 Rh6
47. a5 Rh3 48. Rxa7 Rxb3 49. Nd6 Ra3 50. Rc7 Ra2 51. Ke3 Ra3+ 52. Kd2 Bb1 53.
Rc5 Kg7 54. Rxe5 Kf6 55. Rc5 Ba2 56. e5+ Ke7 57. Nf5+ Kd7 58. Nd4 Bf7 59. Nc2
Ra4 60. Kc3 Be6 61. Nb4 Ra3+ 62. Kd4 Ra4 63. Rb5 Bh3 64. Kc5 Ra1 65. Kb6 Bf1 66.
Nc2 Rc1 67. Rc5 Rb1+ 68. Ka7 Rc1 69. a6 Bg2 70. Kb6 Rb1+ 71. Ka5 Rc1 72. Rc4 Bh1
73. a7 Ba8 74. Kb6 Rb1+ 75. Rb4 Rc1 76. Nd4 Ke7 77. Rb3 Rc5 78. Kxc5 Kd7 79. Rb8
Be4 80. a8=Q Bxa8 81. Rxa8 Ke7 82. Ra7+ Kd8 83. Kd6 Ke8 84. Rg7 Kf8 85. Ne6+ 1-0

[Event "AUTO-ELITE-2567"]
[Site "http://www.queenalice.com/game.php?id=1850617"]
[Date "2025.1.20"]
[Round "1"]
[White "RaulSoft"]
[Black "josekasparov"]
[Result "1-0"]
[WhiteElo "2650"]
[BlackElo "2546"]

1. d4 Nf6 2. c4 e6 3. g3 d5 4. Bg2 Be7 5. Nf3 dxc4 6. Qa4+ Bd7 7. Qxc4 Bc6 8.
O-O Nbd7 9. Nc3 O-O 10. Re1 Ne4 11. Qd3 f5 12. Qc4 Kh8 13. Qxe6 Bd6 14. Nxe4
fxe4 15. Bg5 exf3 16. Bxd8 fxg2 17. Bg5 Rae8 18. Qb3 Rf5 19. Bd2 Nf6 20. f3 h5
21. e4 1-0

[Event "AUTO-ELITE-2567"]
[Site "http://www.queenalice.com/game.php?id=1850622"]
[Date "2025.1.20"]
[Round "1"]
[White "trompmaster"]
[Black "RaulSoft"]
[Result "0-1"]
[WhiteElo "2305"]
[BlackElo "2644"]

1. Nf3 d5 2. c4 d4 3. b4 c5 4. b5 Qc7 5. d3 e5 6. Nbd2 Nf6 7. a4 a6 8. e3 Bd6 9.
Be2 h6 10. O-O O-O 11. h3 Be6 12. Bb2 Nbd7 13. Re1 Rfe8 14. Nf1 Nf8 15. N3d2 Ng6
16. Bf3 Nh4 17. Ng3 Be7 18. Qe2 Red8 19. Rec1 Qd7 20. exd4 exd4 21. Rcb1 Re8 22.
Ba3 Bd6 23. Qd1 axb5 24. axb5 Rad8 25. Nge4 Nxe4 26. Bxe4 f5 27. Bf3 Bf7 28. Bh5
g5 29. Bb2 Qe7 30. Nf1 g4 31. Bxf7+ Qxf7 32. hxg4 Qg6 33. g3 Re1 34. Qxe1 Nf3+
35. Kg2 Nxe1+ 36. Rxe1 Qxg4 37. Bc1 f4 38. f3 Qg6 39. Re4 Re8 40. Ra7 Rxe4 41.
dxe4 Qg7 42. Ra8+ Kh7 43. Rd8 Bc7 44. Rd5 b6 45. Rf5 fxg3 46. Rd5 Be5 47. f4 Bf6
48. Bd2 Qg4 49. Nxg3 Bh4 50. Be1 Bxg3 51. Bxg3 d3 52. f5 Qxe4+ 53. Kh3 Qxd5 0-1

[Event "AUTO-ELITE-2567"]
[Site "http://www.queenalice.com/game.php?id=1850623"]
[Date "2025.1.20"]
[Round "1"]
[White "RaulSoft"]
[Black "trompmaster"]
[Result "1-0"]
[WhiteElo "2645"]
[BlackElo "2303"]

1. d4 d6 2. e4 Nf6 3. Nc3 Nbd7 4. f4 e5 5. Nf3 exd4 6. Qxd4 c6 7. Be3 d5 8. e5
Ng4 9. Bg1 Bc5 10. Qd2 Bxg1 11. Rxg1 Qb6 12. O-O-O Nc5 13. Re1 O-O 14. h3 Nh6
15. g4 Be6 16. f5 Ne4 17. Nxe4 dxe4 18. f6 e3 19. Qxe3 Qxe3+ 20. Rxe3 g6 21. Bd3
Rad8 22. b3 Rfe8 23. a4 a6 24. Be4 Kh8 25. a5 Rf8 26. c4 Ng8 27. Kc2 Bc8 28. Kc3
Rde8 29. b4 Be6 30. Ree1 Rd8 31. Ng5 Rde8 32. Bc2 Nh6 33. Ne4 Rc8 34. Nc5 Rb8
35. Re4 Rfe8 36. Rd1 Rg8 37. Rd6 Rge8 38. Red4 Kg8 39. Ba4 Rf8 40. b5 cxb5 41.
cxb5 axb5 42. Bxb5 g5 43. Kb4 Bf5 44. Nd7 Bxd7 45. Rxd7 Rfc8 46. Bc4 Kf8 47.
R4d6 Kg8 48. e6 fxe6 49. Bxe6+ Kh8 50. Bc4 Rf8 51. Rb6 Rfd8 52. Rbxb7 Rxb7+ 53.
Rxb7 Ng8 54. a6 1-0

[Event "AUTO-ELITE-2544"]
[Site "http://www.queenalice.com/game.php?id=1853155"]
[Date "2025.3.2"]
[Round "2"]
[White "RaulSoft"]
[Black "danielglowinski"]
[Result "1-0"]
[WhiteElo "2571"]
[BlackElo "2423"]

1. d4 Nf6 2. c4 e6 3. g3 b6 4. Bg2 d5 5. cxd5 exd5 6. Nc3 Nc6 7. Bg5 Bb4 8. Rc1
O-O 9. a3 Be7 10. Bxf6 Bxf6 11. Nxd5 Bd7 12. Nf3 Rc8 13. O-O Bf5 14. Nxf6+ Qxf6
15. d5 Ne7 16. Qd4 c5 17. Qxf6 gxf6 18. Nd2 Bd7 19. e4 Rfd8 20. Nc4 Kg7 21. b3
Bb5 22. a4 Ba6 23. Rfd1 Bxc4 24. bxc4 Rb8 25. Bh3 Rd6 26. f4 Ng6 27. Kf2 h5 28.
Kf3 h4 29. Bf5 Rh8 30. Bxg6 fxg6 31. e5 Rd7 32. e6 Re7 33. g4 Rd8 34. f5 Rd6 35.
fxg6 Kxg6 36. Ke4 a6 37. Rf1 h3 38. g5 fxg5 39. Ke5 Rdd7 40. d6 Re8 41. Rf6+ Kg7
42. Rg1 Kh7 43. Rxg5 Ra7 44. Kf5 1-0